000
00338nam a2200157Ia 4500
003
OSt
005
20231206063743.0
008
170524s9999 xx 000 0 und d
020
_a
0-07-463166-7
040
_c
iimt
100
_a
Hurlock
245
0
_a
Child development
260
_b
Tata mcgraw hill
260
_c
2004
942
_2
ddc
_c
02
999
_c
7262
_d
7262